Đánh giá hiện trạng quản lý và khai thác nguồn lợi thủy sản ven biển tỉnh Kiên Giang : Luận văn Thạc sĩ. Ngành Quản lý Nguồn lợi Thủy sản

Luận văn nghiên cứu và đánh giá hiện trạng quản lý và khai thác nguồn lợi thủy sản ven biển tỉnh Kiên Giang, cũng như sự đa dạng về thành phần loài hải sản có giá trị kinh tế trong nghề lưới kéo và lưới rê, nhằm cung cấp thông tin hữu íc...

Descripción completa

Guardado en:
Detalles Bibliográficos
Autor principal: Thái, Thành Lập
Formato: Libro
Lenguaje:Undetermined
Publicado: Cần Thơ Trường Đại học Cần Thơ 2013
Materias:
Etiquetas: Agregar Etiqueta
Sin Etiquetas, Sea el primero en etiquetar este registro!
Thư viện lưu trữ: Trung tâm Học liệu Trường Đại học Cần Thơ
LEADER 01449nam a2200217Ia 4500
001 CTU_185810
008 210402s9999 xx 000 0 und d
082 |a 333.956 
082 |b L123 
088 |a 606278 
100 |a Thái, Thành Lập 
245 0 |a Đánh giá hiện trạng quản lý và khai thác nguồn lợi thủy sản ven biển tỉnh Kiên Giang : 
245 0 |b Luận văn Thạc sĩ. Ngành Quản lý Nguồn lợi Thủy sản 
245 0 |c Thái Thành Lập ; Trương Hoàng Minh, Trần Đắc Định (người hướng dẫn) 
260 |a Cần Thơ 
260 |b Trường Đại học Cần Thơ 
260 |c 2013 
520 |a Luận văn nghiên cứu và đánh giá hiện trạng quản lý và khai thác nguồn lợi thủy sản ven biển tỉnh Kiên Giang, cũng như sự đa dạng về thành phần loài hải sản có giá trị kinh tế trong nghề lưới kéo và lưới rê, nhằm cung cấp thông tin hữu ích cho các cơ quan quản lý thủy sản tại địa phương quản lý và quy hoạch phát triển nghề kinh tế thủy sản theo hướng bền vững. 
650 |a Nguồn lợi thủy sản,Aquatic resources 
904 |i Nguyễn Thị Thảo Trinh, Trúc 
980 |a Trung tâm Học liệu Trường Đại học Cần Thơ